000 00811nam a22002177a 4500
999 _c17465
_d17465
003 AR-CdUCM
008 190508b ||||| |||| 00| 0 spa d
040 _aMUNICIPALIDAD PROVINCIAL DEL CUSCO
_cBIBLIOTECA MUNICIPAL DEL CUSCO
041 _heng
082 _23ed.
_a331.01 /
_bT19
100 _aTannenbaum, Frank
_935365
245 _aFilosofía del trabajo /
260 _aSantiago de Chile :
_bDel pacifico,
_c1963.
300 _a179 páginas ;
_c19 cm.
505 _aContenido: El devenir de nuestro tiempo -- El antiguo molde -- La destrucción de la comunidad -- Individualismo y teoría social -- La recreación de la comunidad...
650 _aTrabajo
_94726
650 _aFilosofía
_9395
700 _aSanta - Cruz, Magdalena (traductor)
_937499
942 _2ddc
_cLIBROS
945 _aacv
_d2019-05-08